000 00300nam a22001337a 4500
008 170830b xxu||||| |||| 00| 0 eng d
020 _a9780807845578
041 _aeng
080 _a070
100 _a40
101 _aMED
245 _aSPEAK NOW AGAINTS THE DAY
_cEGERTON.J
942 _2udc
_cBK
999 _c25621
_d25621